000 00874nam a22001697a 4500
020 _a9507411399
080 _a347.51 / 56 R
245 _aResponsabilidad por incumplimiento contractual
250 _a1° Ed. 1° Reimp.
260 _aBuenos Aires:
_bHammurabi,
_c2003
300 _a264 P.
_c23 X 16 Cm.
490 _aResponsabilidad Civil
_v13
650 _xobligaciones
_xresponsabilidad civil
_xdaños
_xobligaciones de medios
_xobligaciones de resultado
_xresponsabilidad contractual
_xincumplimiento contractual
_xculpa
_xculpa social
_xresponsabilidad contractual subjetiva
_xresponsabilidad contractual objetiuva
_xmora
_xfactor de atribucion
_xresponsabilidad civil contractual
_xobligacion de seguridad
_xcarga de prueba
_xincumplimiento culposo
_xincumplimiento doloso
700 _aAgoglia, Maria M.
_eBoragina, Juan C.
_eMeza, Jorge A.
945 _acd
_d2022-08-05
999 _c5177
_d235681
942 _6_